000 00778nam a2200241 a 4500
001 BRCA_5671
005 20190320205157.0
008 220211s1923----gw-a######---#000-0#ger-#
041 _ager
044 _agw
050 4 _aN3350
_b.W45 1923
100 1 _aWeiner, P. P. von
_914412
245 1 0 _aMeinsterwerke der Gemaldesammlung in der Eremitage zu Petrogard
_cP. P. von Weiner.
260 _aMunich
_bFranz Hanfstaengl
_c1923
300 _a327 p.
_bil., 289 láminas
_c24 cm.
440 0 _aHanfstaegngls Maler-Klassiker: Die Meisterwerke des Bedeutendsten Galerien Europas
_v8
_914413
500 _aF141
650 1 4 _aErmitazh (Leningrado)
_914414
650 1 4 _aPinturas
_zLeningrado
_914415
650 1 4 _aGalerías y museos
_zRusia
_914416
902 _aGFM
942 _2lcc
_cB
999 _c5364
_d5364